State of small and medium enterprises in the Slovak Republic 2001
Saved in:
| Format: | Book |
|---|---|
| Language: | English |
| Published: |
Bratislava
NADSME
2002
|
| Subjects: | |
| Tags: |
No Tags, Be the first to tag this record!
|
MARC
| LEADER | 00000nam a2200000 4500 | ||
|---|---|---|---|
| 001 | c140590 | ||
| 005 | 20221124092952.3 | ||
| 020 | |a 80-88957-22-2 | ||
| 041 | 0 | |a eng | |
| 044 | |a SK | ||
| 245 | 1 | 0 | |a State of small and medium enterprises in the Slovak Republic 2001 |
| 264 | 1 | |a Bratislava |b NADSME |c 2002 | |
| 300 | |a 87 s. | ||
| 610 | 2 | 0 | |a podnikanie malé |
| 610 | 2 | 0 | |a podnikanie stredné |
| 610 | 2 | 0 | |a podpora podnikania |
| 610 | 2 | 0 | |a ministerstvá |
| 610 | 2 | 0 | |a úver |
| 610 | 2 | 0 | |a programy rozvojové |
| 610 | 2 | 0 | |a spolupráca medzinárodná |
| 610 | 2 | 0 | |a kapitál |
| 610 | 2 | 0 | |a bariéry legislatívne |
| 610 | 2 | 0 | |a Slovensko |
| 610 | 2 | 0 | |a Phare |
| 610 | 2 | 0 | |a 2001 |
| 610 | 2 | 0 | |a osoby fyzické |
| 610 | 2 | 0 | |a osoby právnické |